000 00302nam a22001457a 4500
008 210427b ||||| |||| 00| 0 eng d
020 _a0395051975
041 _aeng
080 _a82
082 _a82
100 _a21
101 _aGJL
245 _aA Plato Reader
_cLevinson,R.B
942 _2udc
_cBK
999 _c56811
_d56811